Relaciónes humanas (apunte) /
Guardado en:
| Formato: | Libro |
|---|---|
| Publicado: |
:
, 0
|
| Materias: | |
| Etiquetas: |
Agregar Etiqueta
Sin Etiquetas, Sea el primero en etiquetar este registro!
|
| LEADER | 00727nam a22002175a 4500 | ||
|---|---|---|---|
| 001 | CEM.cems007728 | ||
| 005 | 20060214000000.0 | ||
| 008 | 130507b######################000#0#####d | ||
| 003 | CEMS | ||
| 082 | 0 | 4 | |a F301 |
| 245 | 0 | 0 | |a Relaciónes humanas (apunte) / |
| 260 | |a : |b , 0 | ||
| 653 | |a Fc | ||
| 653 | |a Psicología evolutiva | ||
| 653 | |a Psicología evolutiva | ||
| 653 | |a Relaciones humanas | ||
| 859 | |a CEMS |b BIB. CEMS - 11 de abril |h F301 |i 7-1 |p 86.44 |t Ej.1 | ||
| 859 | |a CEMS |b BIB. CEMS - 11 de abril |h F301 |i 7-1 |p 87.44 |t Ej.2 | ||
| 859 | |a CEMS |b BIB. CEMS - 11 de abril |h F301 |i 7-1 |p 88.44 |t Ej.3 | ||
| 859 | |a CEMS |b BIB. CEMS - 11 de abril |h F301 |i 7-1 |p 89.44 |t Ej.4 | ||
| 859 | |a CEMS |b BIB. CEMS - 11 de abril |h F301 |i 7-1 |p 90.44 |t Ej.5 | ||
